| 000 | 01102nam a2200289 i 4500 | ||
|---|---|---|---|
| 001 | 181505 | ||
| 003 | ES-MaACL | ||
| 005 | 20240104063015.0 | ||
| 008 | 130125s2012 sp a | |||||||| | spa d | ||
| 020 | _a978-84-9892-336-0 | ||
| 080 | _a355.402(410:460)"19" | ||
| 080 | _a327(460)"1931/39" | ||
| 080 | _a94(460)"1936/39" | ||
| 080 | _a355.40(460)"1936/39" | ||
| 100 | 1 |
_aViñas, Ángel, _d1941- _9115369 |
|
| 245 | 1 | 3 |
_aLa conspiración del general Franco : _by otras revelaciones acerca de una guerra civil desfigurada / _cÁngel Viñas. |
| 250 | _aEd. rev. y act. [1ª ed. en rústica]. | ||
| 260 |
_aBarcelona : _bCrítica, _c2012. |
||
| 300 |
_a430 p., [4] p. de lám. ; _c23 cm. |
||
| 504 | _aBibliografía: p. [391]-401. | ||
| 650 | 4 |
_aEspionaje británico- _zEspaña. _9148999 |
|
| 651 | 4 |
_aEspaña- _xPolítica y gobierno- _y1931-1939. _9141057 |
|
| 651 | 4 |
_aEspaña- _xHistoria- _y1936-1939, Guerra civil- _xCausas y antecedentes. _98299 |
|
| 852 |
_aES-MaACL _jA-12581 _9188406 _bR.148703 _cDEPO1 _dOlim: N-5584 |
||
| 942 |
_2udc _cMONOGRAFIA |
||
| 999 |
_c181505 _d181505 |
||